Επι των σχετικών με την γεωμετρία υποθέσεων : (με ένα άρθρο του Α. Αινστάιν)
Αποθηκεύτηκε σε:
| Κύριος συγγραφέας: | |
|---|---|
| Άλλοι συγγραφείς: | |
| Μορφή: | Βιβλίο |
| Γλώσσα: | Greek German |
| Δημοσίευση: |
Αθήνα :
Τροχαλία,
1999
|
| Σειρά: | Ανθολογία θετικών επιστημών ;
; 8 |
| Θέματα: | |
| Ετικέτες: |
Προσθήκη ετικέτας
Δεν υπάρχουν, Καταχωρήστε ετικέτα πρώτοι!
|
MARC
| LEADER | 00000cam a2200000 i 4500 | ||
|---|---|---|---|
| 001 | 1/56110 | ||
| 008 | 040526s1999 gre d | ||
| 020 | |a 960-7809-62-9 | ||
| 035 | |l 10073546 | ||
| 040 | |a GR-MY-UA |b gre |e aacr | ||
| 041 | 0 | |a gre |h ger | |
| 082 | 0 | |a 516.1 | |
| 100 | 1 | |a Riemann, Bernhard, |d 1826-1866. | |
| 245 | 1 | 0 | |a Επι των σχετικών με την γεωμετρία υποθέσεων : |b (με ένα άρθρο του Α. Αινστάιν) / |c B. Riemann ; μετάφραση Θάνος Χριστακόπουλος |
| 260 | |a Αθήνα : |b Τροχαλία, |c 1999 | ||
| 300 | |a 166 σ.; |c 17 εκ. | ||
| 490 | 1 | |a Ανθολογία θετικών επιστημών |v ; 8 | |
| 504 | |a Περιέχει ευρετήρια | ||
| 505 | 0 | |a B. Riemann I. Επι των σχετικών με την γεωμετρία υποθέσεων -- Α. Αινστάιν ΙΙ. Για την επίδραση της βαρύτητας στην διάδοση του φωτός: άρθρα για την θεμελίωση της Χρονο-γεωμετρικής θεωρίας της βαρύτητας | |
| 650 | 0 | 0 | |a Geometry |x Foundations. |
| 700 | 1 | |a Einstein, Albert, |d 1879-1955. | |
| 740 | 0 | 2 | |a Για την επίδραση της βαρύτητας στην διάδοση του φωτός |
| 830 | 0 | |a Ανθολογία θετικών επιστημών ; |v ; 8 | |
| 852 | |a INST |b SAMOS |e 20040526 |h 516.1 RIE |p 005300023330 |q 005300023330 |t BK |y 0 | ||
| 852 | |a INST |b SAMOS |e 20070514 |h 516.1 RIE |p 005300026361 |q 005300026361 |t BK |y 0 | ||
| 901 | |a BIBL3-2004-2 | ||
| 909 | |a Σ |b 125085 | ||
| 909 | |a Σ |b 107338 | ||
| 970 | |a ΚΟΣΙΕΡΗΣ |b ΧΡΗΣΤΟΣ |z 2004/05/26 | ||